Transient Heat Transfer (Record no. 355823)

000 -LEADER
fixed length control field 02547cam a22004935i 4500
001 - CONTROL NUMBER
control field 9166082
003 - CONTROL NUMBER IDENTIFIER
control field USPCAS-E
005 - DATE AND TIME OF LATEST TRANSACTION
control field 20180118181415.0
006 - FIXED-LENGTH DATA ELEMENTS--ADDITIONAL MATERIAL CHARACTERISTICS
fixed length control field m d
007 - PHYSICAL DESCRIPTION FIXED FIELD--GENERAL INFORMATION
fixed length control field cr n
008 - FIXED-LENGTH DATA ELEMENTS--GENERAL INFORMATION
fixed length control field 110210s2011 gw | s |||| 0|eng d
020 ## - INTERNATIONAL STANDARD BOOK NUMBER
International Standard Book Number 9783642197772
020 ## - INTERNATIONAL STANDARD BOOK NUMBER
International Standard Book Number 9783642197765 (print)
024 7# - OTHER STANDARD IDENTIFIER
Standard number or code 10.1007/978-3-642-19777-2
Source of number or code doi
035 ## - SYSTEM CONTROL NUMBER
System control number (WaSeSS)ssj0000542062
040 ## - CATALOGING SOURCE
Modifying agency WaSeSS
Transcribing agency 0
050 #4 - LIBRARY OF CONGRESS CALL NUMBER
Classification number TJ265
050 #4 - LIBRARY OF CONGRESS CALL NUMBER
Classification number QC319.8-338.5
072 #7 - SUBJECT CATEGORY CODE
Subject category code TGMB
Source bicssc
072 #7 - SUBJECT CATEGORY CODE
Subject category code SCI065000
Source bisacsh
082 04 - DEWEY DECIMAL CLASSIFICATION NUMBER
Classification number 621.4021
Edition number 23
Author Mark ANN-T 2011
100 1# - MAIN ENTRY--PERSONAL NAME
Personal name Annaratone, Donatello.
Relator term author.
210 10 - ABBREVIATED TITLE
Abbreviated title Transient Heat Transfer
245 10 - TITLE STATEMENT
Title Transient Heat Transfer
Medium [electronic resource] /
Statement of responsibility, etc. by Donatello Annaratone.
260 ## - PUBLICATION, DISTRIBUTION, ETC.
Place of publication, distribution, etc. London:
Name of publisher, distributor, etc. Springer,
Date of publication, distribution, etc. c2011.
490 1# - SERIES STATEMENT
Series statement SpringerBriefs in Applied Sciences and Technology,
International Standard Serial Number 2191-530X ;
Volume/sequential designation 3
502 ## - DISSERTATION NOTE
Dissertation note 0
505 0# - FORMATTED CONTENTS NOTE
Formatted contents note Introduction -- General Law of Thermal Conduction -- Heat Diffusion in a Plate of Infinite Thickness -- Heat Diffusion in a Plate of Finite Thickness -- Plate immersed in Fluid -- Plate Heated or Cooled on one Side -- Tube Heated or Cooled on Outside Surface -- Plate Radiated on Both Sides -- Plate Radiated on One Side -- Transient Heat Transfer through a Plane Wall -- Transient Heat Transfer through a Curved Wall (tube).
506 ## - RESTRICTIONS ON ACCESS NOTE
Terms governing access License restrictions may limit access.
520 ## - SUMMARY, ETC.
Summary, etc. This book presents a new and direct computational method for transient heat transfer. The approach uses the well-known dimensionless Biot number and a second dimensionless number introduced by the author. The methodology allows for a transient heat transfer calculations without using finite difference programs. The book presents many examples and various tables demonstrating the potential of this new methodology. Many diagrams illustrate the physical phenomena.
650 #0 - SUBJECT ADDED ENTRY--TOPICAL TERM
Topical term or geographic name entry element Engineering.
650 #0 - SUBJECT ADDED ENTRY--TOPICAL TERM
Topical term or geographic name entry element Hydraulic engineering.
650 14 - SUBJECT ADDED ENTRY--TOPICAL TERM
Topical term or geographic name entry element Engineering.
650 24 - SUBJECT ADDED ENTRY--TOPICAL TERM
Topical term or geographic name entry element Engineering Thermodynamics, Heat and Mass Transfer.
650 24 - SUBJECT ADDED ENTRY--TOPICAL TERM
Topical term or geographic name entry element Engineering Fluid Dynamics.
710 2# - ADDED ENTRY--CORPORATE NAME
Corporate name or jurisdiction name as entry element SpringerLink (Online service)
773 0# - HOST ITEM ENTRY
Title Springer eBooks
773 #0 - HOST ITEM ENTRY
Title SpringerLink ebooks - Engineering (2011)
776 08 - ADDITIONAL PHYSICAL FORM ENTRY
Relationship information Printed edition:
International Standard Book Number 9783642197765
830 #0 - SERIES ADDED ENTRY--UNIFORM TITLE
Uniform title SpringerBriefs in Applied Sciences and Technology,
Volume/sequential designation 3
856 40 - ELECTRONIC LOCATION AND ACCESS
Uniform Resource Identifier <a href="http://www.columbia.edu/cgi-bin/cul/resolve?clio9166082">http://www.columbia.edu/cgi-bin/cul/resolve?clio9166082</a>
Public note Full text available from SpringerLink ebooks - Engineering (2011)
910 ## - USER-OPTION DATA (OCLC)
User-option data Vendor-generated brief record
942 ## - ADDED ENTRY ELEMENTS (KOHA)
Source of classification or shelving scheme
Koha item type Book
Holdings
Withdrawn status Lost status Source of classification or shelving scheme Damaged status Not for loan Collection code Permanent Location Current Location Shelving location Date acquired Source of acquisition Cost, normal purchase price Total Checkouts Full call number Barcode Date last seen Price effective from Koha item type Copy number
            US-Pakistan Center for Advanced Studies in Energy (USPCAS-E) US-Pakistan Center for Advanced Studies in Energy (USPCAS-E)   12/28/2015 Progressive 4446.00   621.4021 ANN-T 2011 CAS-E0000935 12/28/2015 12/28/2015 Book  
            US-Pakistan Center for Advanced Studies in Energy (USPCAS-E) US-Pakistan Center for Advanced Studies in Energy (USPCAS-E)   12/28/2015 Progressive 4446.00   621.4021 ANN-T 2011 CAS-E0000936 12/28/2015 12/28/2015 Book C.2
© 2023 Central Library, National University of Sciences and Technology. All Rights Reserved.